000 00617nam a22001817a 4500
999 _c186533
_d186533
005 20220308152059.0
010 _aENG-131886
020 _a978-93-88126-98-4
_c150.00
035 _aEN-115418
037 _bDBAD/PUB
082 _a331.88095431
_b1
100 _aXavier,V.C.Francis
245 _aEmergence Of Coimbatore Working Class Movement:
_b1880-1947
260 _bIndian Universities Press
_aChennai
_c2019
270 _aImprint Of Bharathi puthakalayam 7,Elango Salai,Teynampet
_bChennai
_mthamizhbooks@gmail.com
_e600018
300 _a144p.
_c22cm(pbk)
942 _2ddc
_cEN
_h331.88095431
_mXAV